000 00697nam a2200289Ia 4500
005 20260324122058.0
008 008 260324s9999 xx 000 0 eng d
020 _a9780203124611
037 _aEBOOK
040 _aCRL
040 _beng
040 _cCRL
041 _2eng
041 _aeng
084 _qCRL
100 _aGregory B Vit
_91165031
245 4 _aThe Risk in Risk Management
245 0 _bFinancial Organizations & the Problem of Conformity
260 _bTaylor and Francis
260 _c2013
365 _a
365 _b230
856 _uhttp://www.taylorfrancis.com/books/9780203124611
942 _cEBOOK
999 _c1757516
_d1757516